000 00441nmm a2200145Ia 4500
008 251105s9999||||xx |||||||||||||||||und||
041 _aspa
100 _aGutiérrez García, Ismael
245 0 _aMatemáticas para informática
264 _a[Bogotá, Colombia] :
_bUniversidad del Norte,
_c2011
300 _a202 páginas
650 _aTechnology and computing
856 _uhttps://public.digitaliapublishing.com/a/54972
942 _cCF
999 _c104466
_d104466